Major US Holidays Easy - Statistics

General Stats
  • This quiz has been taken 28 times
  • The average score is 6 of 15
Answer Stats
Hint Holiday % Correct
Winter Christmas
100%
Autumn Thanksgiving
81%
Autumn Halloween
70%
Winter New Years Eve
67%
Winter New Years Day
59%
Winter Valentines Day
56%
Summer 4th of July
52%
Summer Labor Day
41%
Spring Memorial Day
41%
Winter Christmas Eve
26%
Autumn Veterans Day
26%
Spring Spring Break
4%
Summer Summer Break
4%
Autumn Autumn Break
0%
Winter Winter Break
0%
No matching quizzes found
Score Distribution
Percent of People with Each Score
Percentile by Number Answered
Your Score History
You have not taken this quiz